000 00715nam a2200217Ii 4500
003 JO-AjNU
008 230606s9999||||xx |||||||||||||| ||und||
020 _a92-2-105858-1 / 0253-2042
040 _aJO-AjNU
_beng
_erda
_cJO-AjNU
041 _aeng
050 1 4 _aHQ 1870.9 1987
100 3 _aOppong, Christine / Katharine Abu,
_eauthor
_92910
245 0 0 _aSeven roles of women: impact of education, migration and employment on ghanaian mothers
264 3 1 _aGeneva: International Labour Office, 1987
300 _a127p
336 _atext
_btxt
_2rdacontent
337 _aunmediated
_bn
_2rdamedia
338 _avolume
_bnc
_2rdacarrier
490 0 _aWomen, work, and development, 13 
650 4 _aWomen
_92911
999 _aE1524
_c1524
_d1524